Thirty-second annual general meeting (Record no. 114308)

MARC details
000 -LEADER
fixed length control field 00654cam a22001815a 4500
001 - CONTROL NUMBER
control field L156594
008 - FIXED-LENGTH DATA ELEMENTS--GENERAL INFORMATION
fixed length control field 120611e19560210xxk f 000 0 eng d
035 ## - SYSTEM CONTROL NUMBER
System control number (Sirsi) u156594
041 0# - LANGUAGE CODE
Language code of text/sound track or separate title eng
110 2# - MAIN ENTRY--CORPORATE NAME
Corporate name or jurisdiction name as entry element Incorporated Society of Auctioneers and Landed Property Agents
9 (RLIN) 4878
245 00 - TITLE STATEMENT
Title Thirty-second annual general meeting
260 ## - PUBLICATION, DISTRIBUTION, ETC.
Place of publication, distribution, etc. London
Name of publisher, distributor, etc. [ISALPA]
Date of publication, distribution, etc. 1956
300 ## - PHYSICAL DESCRIPTION
Extent 15 p.
Dimensions 23 cm.
520 ## - SUMMARY, ETC.
Summary, etc. Sets out the agenda of the 1956 AGM of the Incorporated Society of Auctioneers and Landed Property Agents, to be held at 34 Queen's Gate, London on 15 March.
651 #4 - SUBJECT ADDED ENTRY--GEOGRAPHIC NAME
Geographic name Great Britain
Chronological subdivision 1707-
690 ## - LOCAL SUBJECT ADDED ENTRY--TOPICAL TERM (OCLC, RLIN)
Topical term or geographic name as entry element Auctioneering
9 (RLIN) 6218
942 ## - ADDED ENTRY ELEMENTS (KOHA)
Suppress in OPAC 0
Holdings
Withdrawn status Lost status Source of classification or shelving scheme Damaged status Not for loan Home library Current library Shelving location Date acquired Total Checkouts Full call number Barcode Date last seen Copy number Price effective from Koha item type
    Dewey Decimal Classification     Historic collection Historic collection RICS Boxes 11/06/2012   RICS 1956/4 30076926 06/08/2019 1 06/08/2019 Archive